000 00446cam a2200181 4500
001 5190
005 20230410130709.0
008 060907s2001 fr fre
020 _a2841132633
035 _9funglode5234
041 _afre
050 1 4 _aPN 4733
_bC483j 2001
100 1 _aCharon, Jean-Marie
245 1 3 _aLe journalisme /
_cJean-Marie Charon
260 _aParis :
_bEditions Milan,
_c2001
300 _a63 p.
942 _2lcc
_cbk
999 _c78711
_d78711